Copa América - ¿Argentina o Colombia? - Estadísticas

Estadísticas generales
  • Esta prueba ha sido intentada 100 veces
  • La puntuación promedio es 5 de 10
Estadísticas de respuestas
Pregunta Respuesta % Correcto
Posee la mayor diversidad de especies de aves del mundo Colombia
87%
Fue una colonia española Ambos
66%
Su ciudad capital es su ciudad más poblada Ambos
61%
Contiene el punto más elevado del continente sudamericano Argentina
58%
Contiene una porción de la Cordillera de los Andes Ambos
47%
Fue cuna de uno de los libertadores de Sudamérica Argentina
39%
Uno de los dos trópicos (Cáncer/Capricornio) atraviesa su territorio Argentina
37%
Cantantes de este país están entre los 50 más oídos en Spotify en 2024 Colombia
34%
Disputó todas las ediciones de Copa América del siglo XXI Colombia
16%
Es uno de los 15 mayores productores de caña de azúcar en el mundo Ambos
5%
No se encontraron pruebas coincidentes
Distribución de puntuación
Porcentaje de gente con cada puntuación
Porcentaje por número respondido
Historial de tus puntuaciones
No has intentado esta prueba.